| 000 | 01290nam a2200325 c 4500 | ||
|---|---|---|---|
| 003 | BLK | ||
| 005 | 20241019113323.0 | ||
| 008 | 180408b bul|||||r ||||||| ||bul|| | ||
| 010 | _aKNG00086940000 | ||
| 020 |
_a978-954-9420-96-8 _bиздат.: Персей |
||
| 040 | _aBLK | ||
| 041 |
_aBUL _cBUL |
||
| 080 |
_aРуска литература _b821.161.1 _x-312.4 _z821.161.1-312.4 |
||
| 100 | 1 |
_aБушков, Александър Александрович _eпърви автор _944263 |
|
| 700 |
_aНиколова, Ива _qМитева, Ива Николова _9365667 |
||
| 139 |
_aБушков, Александър Александрович _bБ 90 |
||
| 245 | 1 | 0 |
_aПираня сред вълци _bРоман _cАлександър Александрович Бушков; прев. Ива Николова. |
| 257 | _aRUS | ||
| 260 |
_аСофия _bПерсей _c2009 |
||
| 300 |
_a272 с. _c21 см |
||
| 380 | _aX | ||
| 490 | 1 | _aСерия Пираня | |
| 500 | _aОриг. загл. Пиранья против воров 2 / Александр Бушков | ||
| 852 | _aЦб 242165 | ||
| 856 | 4 |
_qpdf _u |
|
| 856 | 4 |
_qpdf _u |
|
| 942 |
_cKNG _n0 _020 |
||
| 944 |
_aCR _c17.12.2008 _lМоника Янева _k30570 |
||
| 944 |
_aED _c14.07.2011 _lф / _k |
||
| 999 |
_c82409 _d82409 |
||